00849nam a2200217 i 4500001000700000003000900007005001700016007000300033008004100036080001600077100003800093245004700131260005000178300009200228490002900320651006800349830003700417852003500454999001900489952012300508178543ES-MaACL20230906220543.0t|110607s1965 sp abo r ||||1| spa d a908(460.35)1 aBonet, Juan (d1918-1991)914734810aIslas Baleares / cescrita por Juan Bonet. aMadrid : bPublicaciones Españolas, c1965. a140 p. , [23] h. de lám. bl. y n. , [1] h. pleg. con mapa : bil. bl. y n. ; c21 cm.1 aRutas de España ; v13 4aBaleares (Comunidad autónoma)-vGuías turísticas.91469630 aRutas de España ; v139184844 aES-MaACLjE-15318 xOlim P-326 c178543d178543 00104070aATENEOMbATENEOMcDEPO2d2011-06-07eDONl0oE-15318p1187550r2023-02-23 00:00:00w2023-02-23yMONOGRAFIA